000 00928 a2200205 4500
003 Nust
005 20250128114401.0
020 _a81-265-0437-4
040 _cNust
082 0 0 _a621.46,MIL
100 1 _aMiller, Rex,
_941839
245 1 0 _aSmall electric motors use,selection,operation,repair,and maintenance /
_cRex Miller, Mark R. Miller.
260 _aEnglewood Cliffs, N.J. :
_bPrentice-Hall,
_cc2003.
300 _a436p
_bill. ;
_c29 cm.
505 _aPart 1: Introduction (Page-3), Part 2: Fractional Horsepower Motors (Page-45), Part 3: Maintenance and Repair (Page-153), Part 4: Modification of Motors (Page-299) Part 5: Motor Selection and Replacement (Page-319), Part 6:Electronically Operated Motors (Page-341), Part 7: Motor Terminology (Page-365).
650 0 _aElectric controllers.
_941202
650 0 _aElectric motors
_xElectronic control.
_9106577
700 1 _aMiller, Mark R.
_983617
942 _2ddc
_cBK
999 _c183930
_d183930